Massa (Record no. 67071)

MARC details
000 -LEADER
fixed length control field 00569nam a2200205 i 4500
001 - CONTROL NUMBER
control field C2-0254329
003 - CONTROL NUMBER IDENTIFIER
control field PPAK
005 - DATE AND TIME OF LATEST TRANSACTION
control field 20180727221957.0
008 - FIXED-LENGTH DATA ELEMENTS--GENERAL INFORMATION
fixed length control field 040429s my a|||| ||||| | may d
040 ## - CATALOGING SOURCE
Original cataloging agency PPAK
Language of cataloging eng
Transcribing agency PPAK
Description conventions rda
082 04 - DEWEY DECIMAL CLASSIFICATION NUMBER
Classification number 070.4
Edition number 23
090 00 - LOCALLY ASSIGNED LC-TYPE CALL NUMBER (OCLC); LOCAL CALL NUMBER (RLIN)
Classification number (OCLC) (R) ; Classification number, CALL (RLIN) (NR) 070.4
Feature heading MAS
Feature heading R
245 00 - TITLE STATEMENT
Title Massa
264 #1 - PRODUCTION, PUBLICATION, DISTRIBUTION, MANUFACTURE, AND COPYRIGHT NOTICE
Place of production, publication, distribution, manufacture Kuala Lumpur :
Name of producer, publisher, distributor, manufacturer Utusan Melayu (Malaysia) Berhad ,
Date of production, publication, distribution, manufacture, or copyright notice Apr - Ogos 2000
300 ## - PHYSICAL DESCRIPTION
Extent various pages :
Other physical details colour illustrations ;
Dimensions 27 cm
336 ## - CONTENT TYPE
Source rdacontent
Content type term text
337 ## - MEDIA TYPE
Source rdamedia
Media type term unmediated
338 ## - CARRIER TYPE
Source rdacarrier
Carrier type term volume
942 ## - ADDED ENTRY ELEMENTS (KOHA)
-- dc
Koha item type Book
Holdings
Withdrawn Not for loan Current library Shelving location Date acquired Full call number Barcode Date last seen Koha item type
  Not For Loan Perpustakaan Awam Sungai Petani Rujukan Dewasa 29/04/2004 R 070.4 MAS A00840085 08/05/2018 Book